Countries With One Country Between Themselves And China - Statistics

General Stats
  • This quiz has been taken 100 times
    95 since last reset
  • The average score is 15 of 17
Answer Stats
Answer % Correct
South Korea
98%
Ukraine
94%
Finland
92%
Lithuania
91%
Thailand
91%
Turkmenistan
91%
Cambodia
90%
Estonia
90%
Uzbekistan
90%
Belarus
89%
Iran
89%
Latvia
89%
Azerbaijan
85%
Georgia
85%
Norway
85%
Poland
83%
Bangladesh
82%
No matching quizzes found
Score Distribution
Percent of People with Each Score
Percentile by Number Answered
Your Score History
You have not taken this quiz since the last reset